000 00736nam a22002297a 4500
999 _c12609
_d12609
003 TR-AnCHP
005 20190121161313.0
008 190121b tu ||||| |||| 00| 0 tur d
020 _a9758301160
040 _c.
041 _atur
082 _a343.0721
_bÖ9a 2000
100 _aÖz, Gamze Aşçıoğlu
245 _aAvrupa Topluluğu ve Türk rekabet hukukunda hakim durumun kötüye kullanılması /
_cGamze Aşçıoğlu Öz
260 _aAnkara :
_bRekabet Kurumu,
_c2000.
300 _a210 s. ;
_c24 cm.
440 _aRekabet Kurumu Yayınları
_v51
490 _aLisansüstü Tez Serisi :
_v4
650 0 _aRekabet hukuku
_95052
_xTürkiye
650 0 _aRekabet, haksız
_95053
_xAvrupa Birliği Ülkeleri
942 _2ddc
_cBKS